Países com A - Statistics

Estatísticas Gerais
  • Esse quiz foi jogado 159 vezes
  • A pontuação média é 12 de 18
Estatísticas das Respostas
Número Pais % Correto
13 Argentina
94%
12 Argélia
89%
5 Alemanha
88%
16 Austrália
88%
1 Afeganistão
86%
17 Austría
86%
14 Armênia
84%
4 Albânia
83%
6 Andorra
83%
7 Angola
80%
2 África do sul
79%
18 Azerbaijão
78%
11 Arábia saudita
77%
9 Antígua e barbuda
62%
15 Aruba
19%
8 Anguilla
11%
10 Antilhas holandesas
9%
3 Akrotiri e dekélia
2%
Nenhum quiz correspondente encontrado
Distribuição das Pontuações
Porcentagem de Pessoas com Cada Pontuação
Percentil de Números Respondidos
Sua Pontuação Histórica
Você não jogou esse quiz